The Upanishads: (Record no. 17714)

MARC details
000 -LEADER
fixed length control field 00730nam a22001937a 4500
003 - CONTROL NUMBER IDENTIFIER
control field BDDh-ASL
005 - DATE AND TIME OF LATEST TRANSACTION
control field 20231015025629.0
008 - FIXED-LENGTH DATA ELEMENTS--GENERAL INFORMATION
fixed length control field 200907s1963 nyu||||| |||| 001 0 eng d
040 ## - CATALOGING SOURCE
Original cataloging agency BDDh-ASL
Transcribing agency BDDh-ASL
Modifying agency BDDh-ASL
082 ## - DEWEY DECIMAL CLASSIFICATION NUMBER
Classification number 294
Item number NIU
245 ## - TITLE STATEMENT
Title The Upanishads:
Remainder of title Katha, Isa, Kena, Mundaka, Svetasvatara, Prasna, mandukya, Aitareya, Brihadaranyaka, Taittiriya, and Chhandogya/
Statement of responsibility, etc. Swami Nikhilananda
260 ## - PUBLICATION, DISTRIBUTION, ETC.
Place of publication, distribution, etc. New York:
Name of publisher, distributor, etc. Harper & Row, Publishers,
Date of publication, distribution, etc. 1963.
300 ## - PHYSICAL DESCRIPTION
Extent 402 p. :
Dimensions 20 cm.
500 ## - GENERAL NOTE
General note Includes Index
650 #0 - SUBJECT ADDED ENTRY--TOPICAL TERM
9 (RLIN) 527
Topical term or geographic name entry element Religion and law.
General subdivision Upanishads
650 #0 - SUBJECT ADDED ENTRY--TOPICAL TERM
9 (RLIN) 602
Topical term or geographic name entry element Hindu Religion
General subdivision Upanishads
700 ## - ADDED ENTRY--PERSONAL NAME
9 (RLIN) 600
Personal name Nikhilananda, Swami
Relator term Translated and edited
Fuller form of name Swami Nikhilananda
942 ## - ADDED ENTRY ELEMENTS (KOHA)
Source of classification or shelving scheme Dewey Decimal Classification
Koha item type Books
Holdings
Withdrawn status Lost status Source of classification or shelving scheme Damaged status Not for loan Collection code Home library Current library Shelving location Date acquired Source of acquisition Total Checkouts Full call number Barcode Date last seen Copy number Price effective from Koha item type Public note
    Dewey Decimal Classification   Not For Loan Non-fiction Asiatic Society Library Asiatic Society Library Ludden Collection 09/07/2020 Donated by Prof. David Ludden   294 NIU 100832 09/07/2020 C-1 09/07/2020 Books RARE

Powered by Koha